01757 2200313 4500001002100000005001500021035002000036007000300056008004100059020001800100082001000118084001600128100002700144245017300171250002000344300003700364700003300401520081000434600001401244264003101258336002101289337003001310338002301340990001601363990001601379990001601395990001601411990001601427INLIS00000000000031920260427033342 a0010-0426000318ta260427 g 0 ind  a9786022861317 a790.1 a790.1 BUN t0 aBunda SalsaePengarang1 a70++ ide seru bermain tanpa gadget untuk usia 0-3 Tahun : mudah,murah,dan bisa di rumah :bMudah, murah, dan bisa di rumah /cBunda Salsa ; penyunting, Linggar Swastika aCetakan pertama a96 halaman :bilustrasi ;c19 cm0 aLinggar SwastikaePenyunting aBanyak pertanyaan sering muncul di benak orang tua ketika sedang bersama anak-anak, terutama anak usia balita. Saat orang tua kehabisan ide, ujung-ujungnya malah memilih gadget sebagai solusi bermain bersama anak-anak. Buku 100++ Ide Dolanan Tanpa Gadget ini hadir memberikan solusi untuk orang tua agar waktu bermain dengan anak tetap berharga. Buku berisikan kumpulan ide permainan kreatif untuk anak usia 0-3 tahun yang dapat dibuat sendiri atau do it yourself (DIY) oleh orang tua. Penyampaian materi cara bermain mudah dipahami, bahan-bahan yang digunakan untuk bermain sangat murah, dan semua ide permainan yang beragam bisa dilakukan di rumah. Selain kreatif dan menghindari anak-anak usia 0-3 tahun dari gadget, diharapkan buku ini dapat menumbuhkan rasa kedekatan (bonding) orang tua dan anak. 4aParenting aJakarta :bAnakkita,c2024 2rdacontentaTeks 2rdamediaaTanpa perantara 2rdacarrieraVolume aPT000597/25 aAT000604/24 aRC000679/25 aPP000686/25 aTT001911/25